Home Print Resources E-Books E-Journals IIMT Lecture Series Library Membership Form Book Recommendation Form Campus Tour Take AdmissionAbout Us Contact Us

HYDROLOGY FOR ENGINEERS (Record no. 35883)

000 -LEADER
fixed length control field 00378nam a22001577a 4500
003 - CONTROL NUMBER IDENTIFIER
control field OSt
005 - DATE AND TIME OF LATEST TRANSACTION
control field 20240321115854.0
008 - FIXED-LENGTH DATA ELEMENTS--GENERAL INFORMATION
fixed length control field 170717b xxu||||| |||| 00| 0 eng d
020 ## - INTERNATIONAL STANDARD BOOK NUMBER
International Standard Book Number 0070379564
040 ## - CATALOGING SOURCE
Transcribing agency SEROSOFT
Modifying agency SEROSOFT
100 ## - MAIN ENTRY--PERSONAL NAME
Personal name LINSLEY KOHLER A
245 ## - TITLE STATEMENT
Title HYDROLOGY FOR ENGINEERS
260 ## - PUBLICATION, DISTRIBUTION, ETC.
Place of publication, distribution, etc. NEW DELHI
Name of publisher, distributor, etc. MC GRAW HILL
Date of publication, distribution, etc. 2014
300 ## - PHYSICAL DESCRIPTION
Extent 340
942 ## - ADDED ENTRY ELEMENTS (KOHA)
Source of classification or shelving scheme
Koha item type General Book
Holdings
Withdrawn status Lost status Source of classification or shelving scheme Damaged status Not for loan Home library Current library Date acquired Cost, normal purchase price Total Checkouts Full call number Barcode Date last seen Date last checked out Price effective from Koha item type
          IIMT University Central Library Meerut IIMT University Central Library Meerut 07/17/2017 0.00 1 551.4802462 01-B-121568 02/01/2025 10/08/2024 07/17/2017 Book Bank
          IIMT University Central Library Meerut IIMT University Central Library Meerut 07/17/2017 0.00   551.4802462 01-B-121569 07/17/2017   07/17/2017 Book Bank
          IIMT University Central Library Meerut IIMT University Central Library Meerut 07/17/2017 0.00   R 01-B-121570 07/17/2017   07/17/2017 Reference Book
          IIMT University Central Library Meerut IIMT University Central Library Meerut 07/17/2017 0.00 1 551.4802462 01-B-121571 02/05/2024 11/02/2023 07/17/2017 Book Bank
IIMT, Central Library. All Rights Reserved IIMT,UNIVERSITY © 2023
Implemented and Customised by I CLOUDE EMS
You Are OPAC Visitor No
free web counter

Powered by Koha